Dạy lớp 3 theo chương trình tiểu học mới : Tài liệu bồi dưỡng giáo viên
Tài liệu phục vụ cho công tác bồi dưỡng giáo viên dạy lớp 3 theo chương trình, sách giáo khoa mới tự bồi dưỡng, tham khảo trong quá trình dạy học
Đã lưu trong:
| 企業作者: | |
|---|---|
| 格式: | 圖書 |
| 語言: | Undetermined |
| 出版: |
Hà Nội
Giáo dục
2006
|
| 主題: | |
| 標簽: |
添加標簽
沒有標簽, 成為第一個標記此記錄!
|
| Thư viện lưu trữ: | Trung tâm Học liệu Trường Đại học Cần Thơ |
|---|
| LEADER | 00994nam a2200205Ia 4500 | ||
|---|---|---|---|
| 001 | CTU_121508 | ||
| 008 | 210402s9999 xx 000 0 und d | ||
| 082 | |a 372.24 | ||
| 082 | |b B450 | ||
| 110 | |a Bộ Giáo dục và Đào tạo . Dự án phát triển giáo viên tiểu học | ||
| 245 | 0 | |a Dạy lớp 3 theo chương trình tiểu học mới : | |
| 245 | 0 | |b Tài liệu bồi dưỡng giáo viên | |
| 245 | 0 | |c Bộ Giáo dục và Đào tạo . Dự án phát triển giáo viên tiểu học | |
| 260 | |a Hà Nội | ||
| 260 | |b Giáo dục | ||
| 260 | |c 2006 | ||
| 520 | |a Tài liệu phục vụ cho công tác bồi dưỡng giáo viên dạy lớp 3 theo chương trình, sách giáo khoa mới tự bồi dưỡng, tham khảo trong quá trình dạy học | ||
| 650 | |a Specific levels of elementary school | ||
| 904 | |i Hiếu | ||
| 980 | |a Trung tâm Học liệu Trường Đại học Cần Thơ | ||